00681cam a2200193 4500008004100000020001500041035001200056050002100068100004400089245008400133260003400217300002100251440005500272500001700327650003700344650002600381650003100407651004900438040705s1981 mx gr 000 0 spa u a968815041X aa43869200aHD335 bG66 19811 aGonzáles Roa, Fernando, d 1883?-193613aEl aspecto agrario de la Revolución Mexicana / cpor Fernando González Roa. aMéxico :bSRA-CEHAM, c1981 a328 p. ;c23 cm. 0aFuentes para la historia del agrarismo en México a3 ejemplares10aTenencia de la tierra zMéxico30aCampesinos zMéxico40aReforma agraria zMéxico 4aMéxico xPolítica y gobierno y1910-1946